Optical Electronics In Modern Communication (Record no. 298189)

MARC details
000 -LEADER
fixed length control field 00417nam a2200169Ia 4500
008 - FIXED-LENGTH DATA ELEMENTS--GENERAL INFORMATION
fixed length control field 230718s9999 xx 000 0 und d
041 ## - LANGUAGE CODE
Language code of text/sound track or separate title eng
082 ## - DEWEY DECIMAL CLASSIFICATION NUMBER
Classification number 621.3827
Item number YAR
100 ## - MAIN ENTRY--PERSONAL NAME
Personal name Yariv A.
245 ## - TITLE STATEMENT
Title Optical Electronics In Modern Communication
250 ## - EDITION STATEMENT
Edition statement 5th ed.
260 ## - PUBLICATION, DISTRIBUTION, ETC. (IMPRINT)
Date of publication, distribution, etc. 1996
Name of publisher, distributor, etc. Oxford
300 ## - PHYSICAL DESCRIPTION
Extent 744
365 ## - TRADE PRICE
Currency code Rs.
Price amount 650.00
700 ## - ADDED ENTRY--PERSONAL NAME
Personal name Yariv A.
906 ## - LOCAL DATA ELEMENT F, LDF (RLIN)
d B:425519-Sep-1999
c ETC
b 97.5
Holdings
Withdrawn status Lost status Damaged status Not for loan Home library Current library Date acquired Vendor Budget Code Cost, normal purchase price Bill number Total Checkouts Full call number Barcode Date last seen Discount Cost, replacement price Bill Date Koha item type Original Barcode
        Cummins College of Engineering for Women Pune Cummins College of Engineering for Women Pune 21/01/1999 Mbs ETC 552.50 4255   621.3827 CCEP-BK-9395 18/07/2023 97.5 650.00 19/09/1999 Books 009395